| 000 | 02695cam a22003977i 4500 | ||
|---|---|---|---|
| 001 | data | ||
| 005 | 20260322212121.0 | ||
| 008 | data | ||
| 035 | _a23713365 | ||
| 906 |
_a7 _bcbc _ccopycat _d2 _encip _f20 _gy-gencatlg |
||
| 925 | 0 |
_aacquire _b1 shelf copy _xpolicy default |
|
| 010 | _a 2024402366 | ||
| 020 |
_a9781784728403 _q(hardback) |
||
| 020 |
_z9781784728410 _q(ePub ebook) |
||
| 035 | _a(OCoLC)1370606436 | ||
| 040 |
_aUKMGB _beng _erda _cUKMGB _dDLC _dVP@ _dNZAUC _dOCLCO _dDLC |
||
| 042 | _alccopycat | ||
| 050 | 0 | 0 |
_aSB453 _b.A55 2023 |
| 082 | 0 | 4 |
_a635 _223 |
| 100 | 1 |
_aAkeroyd, Simon, _eauthor. |
|
| 245 | 1 | 0 |
_aYou will be able to garden by the end of this book / _cSimon Akeroyd. |
| 264 | 1 |
_aLondon : _bMitchell Beazley, _c2023. |
|
| 300 |
_a224 pages : _billustrations ; _c26 cm |
||
| 336 |
_atext _btxt _2rdacontent |
||
| 337 |
_aunmediated _bn _2rdamedia |
||
| 338 |
_avolume _bnc _2rdacarrier |
||
| 500 | _aPublished in association with the Royal Horticultural Society. | ||
| 505 | 0 | _aIntroduction -- Basics -- How does your garden grow? -- Garden design -- Right plant, right place -- How to plant and establish a garden -- Plant maintenance -- Container gardening -- Fruit and veg to try -- Lawns -- Water features -- Plants for free -- Tackling pests and diseases. | |
| 520 | _a"The title might sound like a bold statement, but you really will be able to garden by the end of this book. Whether you are a budding botanist or just aspire to have greener fingers, this book will hold your 'horticultural hand' and guide you gently through the principles of gardening. Whether you have a tiny courtyard or something a bit bigger, this book will share everything you need to know to create your own patch of horticultural heaven. With 12 easy-to-follow chapters that explore all the basics of successful, stress-free gardening including assessing and designing your garden, how to grow fruit and vegetables, plant maintenance, propagation, lawns and container garden. The 15 step-by-step techniques will teach you how to sow seeds, prune shrubs, cut a hedge, mow a lawn and even how to design your own outside space, plus so much more. Just as important, the book explains how to garden sustainably and encourage wildlife, so that you can make informed decisions when it comes to creating and maintaining your garden"--Publisher's description. | ||
| 650 | 0 | _aGardening. | |
| 650 | 7 |
_agardening. _2aat |
|
| 650 | 7 |
_aGardening _2fast |
|
| 710 | 2 | _aRoyal Horticultural Society (Great Britain) | |
| 776 | 0 | 8 |
_iebook version : _z9781784728410 |
| 999 |
_c1859 _d1859 |
||